| 000 | 00705nam a2200217 a 4500 | ||
|---|---|---|---|
| 005 | 20210223133658.0 | ||
| 008 | 181015s2017 mx r 000 0 spa d | ||
| 035 | _aUPN01000227247 | ||
| 049 | _aCE | ||
| 050 | 4 |
_aZ711.92 V5.7 _bB5.2 |
|
| 245 | 1 | 0 |
_aBibioteca de México : _bsala para personas con discapacidad visual : colecciones y servicios. |
| 260 |
_aMéxico : _bSecretaría de Cultura, _c2017. |
||
| 300 |
_a63 p. : _bfigs., mapas |
||
| 440 | 0 | _aBiblioteca de México | |
| 500 | _aTexto en Braille | ||
| 650 | 4 |
_aBIBLIOTECAS Y PERSONAS CON DISCAPACIDAD VISUAL _93880 |
|
| 650 | 4 |
_aBIBLIOTECAS PARA CIEGOS _99643 |
|
| 650 | 4 |
_aLIBROS EN BRAILLE _924591 |
|
| 905 | _aLibro | ||
| 999 |
_c199343 _d199343 |
||